| 000 | 00537nam a22001577a 4500 | ||
|---|---|---|---|
| 003 | OSt | ||
| 005 | 20150916100104.0 | ||
| 008 | 150916b xxu||||| |||| 00| 0 eng d | ||
| 040 | _cRUA | ||
| 082 | _aAGR THO 2002 B027 Or.1 | ||
| 100 |
_9568 _aTHOV, SOTHORN. |
||
| 245 | _aseed growing preparation for planting in the field (ការរៀរចំបណ្តុះកូនកៅស៊ូសំរាប់យកទៅដំានៅចំការ) | ||
| 260 |
_aPhnom Penh _bRUA _c2002 |
||
| 300 |
_a67p. _bill. _c29cm. |
||
| 942 |
_2ddc _cAGR |
||
| 999 |
_c544 _d544 |
||